| 000 -LEADER |
| fixed length control field |
00372nam a2200145Ia 4500 |
| 008 - FIXED-LENGTH DATA ELEMENTS--GENERAL INFORMATION |
| fixed length control field |
221012s9999||||xx |||||||||||||| ||und|| |
| 020 ## - INTERNATIONAL STANDARD BOOK NUMBER |
| International Standard Book Number |
9789391596088 |
| 082 ## - DEWEY DECIMAL CLASSIFICATION NUMBER |
| Classification number |
338.04 |
| Item number |
Mat/E |
| 100 ## - MAIN ENTRY--PERSONAL NAME |
| Personal name |
Mathur, Abha |
| 245 #0 - TITLE STATEMENT |
| Title |
Entrepreneurship Development |
| 250 ## - EDITION STATEMENT |
| Edition statement |
1st Ed. |
| 260 ## - PUBLICATION, DISTRIBUTION, ETC. |
| Place of publication, distribution, etc. |
New Delhi |
| Name of publisher, distributor, etc. |
Taxmann Publication Pvt. Ltd. |
| Date of publication, distribution, etc. |
2021 |
| 300 ## - PHYSICAL DESCRIPTION |
| Extent |
375p. |
| 942 ## - ADDED ENTRY ELEMENTS (KOHA) |
| Koha item type |
|